Logos of Companies Starting with W - Statistics

General Stats
  • This quiz has been taken 160 times
  • The average score is 11 of 20
Answer Stats
Picture Answer % Correct
Walmart
94%
Walt Disney
89%
Wendy's
89%
Whatsapp
85%
Warner Brothers
78%
World Wildlife Fund
69%
Wilson
66%
World Wrestling Entertainment
66%
World Health Organization
60%
Walgreens
56%
Wrangler
54%
Waffle House
52%
Wells Fargo
52%
Wish
38%
Whole Foods
36%
Whataburger
33%
Wing Stop
29%
Wayfair
20%
WIRED
14%
Winn Dixie
8%
No matching quizzes found
Score Distribution
Percent of People with Each Score
Percentile by Number Answered
Your Score History
You have not taken this quiz